The gangster (Record no. 140695)

MARC details
000 -LEADER
fixed length control field 00645nam a2200253 i 4500
001 - CONTROL NUMBER
control field C2-0343925
003 - CONTROL NUMBER IDENTIFIER
control field PPAK
005 - DATE AND TIME OF LATEST TRANSACTION
control field 20180728144946.0
008 - FIXED-LENGTH DATA ELEMENTS--GENERAL INFORMATION
fixed length control field 171128s2016 xxk |||| ||||| | eng d
020 ## - INTERNATIONAL STANDARD BOOK NUMBER
International Standard Book Number 9781405923835
040 ## - CATALOGING SOURCE
Original cataloging agency PPAK
Language of cataloging eng
Transcribing agency PPAK
Description conventions rda
082 04 - DEWEY DECIMAL CLASSIFICATION NUMBER
Classification number 823
Edition number 23
090 00 - LOCALLY ASSIGNED LC-TYPE CALL NUMBER (OCLC); LOCAL CALL NUMBER (RLIN)
Classification number (OCLC) (R) ; Classification number, CALL (RLIN) (NR) 823
Feature heading CUS
Feature heading G
100 1# - MAIN ENTRY--PERSONAL NAME
Personal name Cussler, Clive,
Relator term author
245 14 - TITLE STATEMENT
Title The gangster
264 #1 - PRODUCTION, PUBLICATION, DISTRIBUTION, MANUFACTURE, AND COPYRIGHT NOTICE
Place of production, publication, distribution, manufacture United Kingdom :
Name of producer, publisher, distributor, manufacturer Penguin Books ,
Date of production, publication, distribution, manufacture, or copyright notice 2016
300 ## - PHYSICAL DESCRIPTION
Extent 397 pages ;
Dimensions 18 cm
336 ## - CONTENT TYPE
Source rdacontent
Content type term text
337 ## - MEDIA TYPE
Source rdamedia
Media type term unmediated
338 ## - CARRIER TYPE
Source rdacarrier
Carrier type term volume
650 10 - SUBJECT ADDED ENTRY--TOPICAL TERM
Topical term or geographic name entry element English fcition.
700 ## - ADDED ENTRY--PERSONAL NAME
Relator term author
942 ## - ADDED ENTRY ELEMENTS (KOHA)
-- dc
Koha item type Book
Holdings
Withdrawn Not for loan Current library Shelving location Date acquired Total Checkouts Total Renewals Full call number Barcode Date last seen Date last checked out Koha item type
    Perpustakaan Alor Setar Pinjaman Dewasa 10/12/2017 4 3 823 CUS A01549124 06/05/2025 06/04/2025 Book
    Perpustakaan Awam Sungai Petani Pinjaman Dewasa 10/12/2017 5 1 823 CUS A01549125 10/03/2024 04/02/2024 Book
    Perpustakaan Bandar Baharu Pinjaman Dewasa 10/12/2017 1   823 CUS A01549128 24/08/2020 03/08/2020 Book
    Perpustakaan Kulim Pinjaman Dewasa 10/12/2017     823 CUS A01549126 09/05/2018   Book
    Perpustakaan Langkawi Pinjaman Dewasa 10/12/2017     823 CUS A01549127 09/05/2018   Book